ბათუმის შოთა რუსთაველის სახელმწიფო უნივერსიტეტის ბიბლიოთეკა

არ მოკვდე სიკვდილამდე ანუ წუთისოფლის შავ-თეთრი კრიალოსანი : (ბიბ.ჩანაწერი № 59251)

000 -ლიდერი
ფიქსირებული სიგრძის საკონტროლო ველი 01012nam a22001937a 4500
003 - საკონტროლო ნომრის იდენტიფიკატორი
საკონტროლო ველი Ge_BSU
005 - ბოლო ოპერაციის თარიღი და დრო
საკონტროლო ველი 20221223155803.0
008 - ფიქსირებული სიგრძის მონაცემთა ელემენტები - ზოგადი ინფორმაცია
ფიქსირებული სიგრძის საკონტროლო ველი 221223s1984ge xxu||||| |||| 00| 0 geo d
041 ## - ენის კოდი
Language code of text/sound track or separate title geo
080 ## - უნივერსალური ათობითი კლასიფიკაციის ინდექსი
Universal Decimal Classification number 821.353.1-31 გ-43
100 ## - მთავარი ჩანაწერი - პიროვნების სახელი
Personal name გეწაძე, აკაკი, ავტ.
9 (RLIN) 16552
245 ## - ცნობა სათაურის შესახებ
Title არ მოკვდე სიკვდილამდე ანუ წუთისოფლის შავ-თეთრი კრიალოსანი :
Remainder of title რომანი /
Statement of responsibility, etc აკაკი გეწაძე, რედ. ე.ფალიანი
264 ## - წარმოების, გამოცემის, დისტრიბუციის და სხვა ცნობები
გამოცემის, წარმოების, დისტრიბუციის... ადგილი თვბილისი :
გამოცემის, წარმოების, დისტრიბუციის... სახელწოდება საბჭ. საქართველო,
გამოცემის, წარმოების, დისტრიბუციის... თარიღი 1984.
300 ## - ფიზიკური აღწერა
Extent 671გვ. ;
Other physical details 22 სმ.
653 ## - INDEX TERM--UNCONTROLLED
Uncontrolled term არ მოკვდე სიკვდილამდე ანუ წუთისოფლის შავ-თეთრი კრიალოსანი
653 ## - INDEX TERM--UNCONTROLLED
Uncontrolled term რომანი.
700 ## - ADDED ENTRY--PERSONAL NAME
Personal name ფალიანი, ე
Relator term რედაქტორი
9 (RLIN) 4048
942 ## - ADDED ENTRY ELEMENTS (KOHA)
Source of classification or shelving scheme
Koha item type წიგნი
ეგზემპლარები
ჩამოწერის სტატუსი დაკარგული ეგზემპლარის სტატუსი კლასიფიკაციის წყარო ან თაროზე გაწყობის სქემა დაზიანების სტატუსი არ გაიცემა მუდმივი მდებარეობა (დაცვის ადგილი) ამჟამინდელი ადგილსამყოფელი თაროზე განთავსების ადგილი შეძენის თარიღი ღირებულება, შესყიდვის ნორმალური ფასი სრული შენახვის შიფრი შტრიხკოდი ბოლო ოპერაციის თარიღი ეგზემპლარის მიმდევრობითი ნომერი (კეტერი?) ფასის ძალაში შესვლის თარიღი ეგზემპლარის სახეობა საჯარო შენიშვნა
          ბათუმის შოთა რუსთაველის სახელმწიფო უნივერსიტეტის მთავარი ბიბლიოთეკა ბათუმის შოთა რუსთაველის სახელმწიფო უნივერსიტეტის მთავარი ბიბლიოთეკა წიგნსაცავი 2022-12-23 8.00 821.353.1-31 გ-43 63377 2022-12-23 63377 2022-12-23 წიგნი 8.00